Convexity and well-posed problems

Αποθηκεύτηκε σε:
Λεπτομέρειες βιβλιογραφικής εγγραφής
Κύριος συγγραφέας: Lucchetti, R. (Roberto) 1950-
Μορφή: Βιβλίο
Γλώσσα:English
Δημοσίευση: New York : Springer, c2006
Σειρά:CMS books in mathematics
Θέματα:
Ετικέτες: Προσθήκη ετικέτας
Δεν υπάρχουν, Καταχωρήστε ετικέτα πρώτοι!

MARC

LEADER 00000nam a2200000 i 4500
001 1/82593
008 080415s2006 eng d
020 |a 978-0387-28719-5 
020 |a 0-387-28719-1 
035 |l 10096701 
040 |a GR-MY-UA  |b gre  |e aacr 
041 0 |a eng 
082 0 |a 515.8  |2 (22) 
100 1 |a Lucchetti, R.  |q (Roberto)  |d 1950- 
245 1 0 |a Convexity and well-posed problems /  |c Roberto Lucchetti 
260 |a New York :   |b Springer,   |c c2006 
300 |a ix, 305 σ.;  |b εικ.;  |c 24 εκ. 
490 1 |a CMS books in mathematics 
504 |a Βιβλιογραφία: σ. 299-301. Ευρετήριο 
650 0 0 |a Convex functions. 
650 0 0 |a Perturbation (Mathematics) 
650 0 0 |a Functional analysis. 
830 0 |a CMS books in mathematics 
852 |a INST  |b SYROS  |e 20080415  |h 515.8 LUC  |p 005500006115  |q 005500006115  |t BK  |y 0 
901 |a BIBL5-2008-1 
909 |a Ε  |b 151271 
922 |a 5ΕΛΗ  |b 200803  |c ΕΠΕΑΕΚ2/ΤΜΣΠΣ  |d ΠΑΠΑΣΩΤΗΡΙΟΥ 
970 |a ΚΑΓΙΑΒΑ  |b ΕΙΡΗΝΗ  |z 2008/04/15